00451nam a2200121Ia 4500008004000000082001800040100003000058245009300088250000500181260004200186300001400228650008700242210210b2001 xxu||||| |||| 00| 0 eng d a001.6402 STUA aSTUDENT AID publications. aAll India directory of computer and information technology institutes, courses and jobs. a aDelhibStudent Aid Publicationsc2001 axxxii,275 aDirectory, Computer Informations Technology, Institutes Courses, Jobs Careers